Jak úspěšně prezentovat a přesvědčit

Saved in:
Bibliographic Details
Main Author: Bradbury, Andrew
Format: Book
Language:Czech
Published: Praha Computer Press 2001
Series:Rozvoj osobnosti
Subjects:
Tags: Add Tag
No Tags, Be the first to tag this record!

MARC

LEADER 00000nam a2200000 4500
001 c124881
005 20250522110527.2
020 |a 80-7226-424-9 
041 0 |a cze 
044 |a CZ 
245 1 0 |a Jak úspěšně prezentovat a přesvědčit  |c Andrew Bradbury 
264 1 |a Praha  |b Computer Press  |c 2001 
300 |a 129 s. 
490 1 |a Rozvoj osobnosti 
830 0 |a Rozvoj osobnosti 
610 2 0 |a komunikácia 
610 2 0 |a komunikácia marketingová 
610 2 0 |a predaj 
610 2 0 |a predajcovia 
610 2 0 |a rokovania obchodné 
610 2 0 |a propagácia 
610 2 0 |a propagácia priama 
610 2 0 |a spotrebitelia 
610 2 0 |a pomôcky pracovné 
610 2 0 |a reklama 
100 1 |a Bradbury, Andrew